000 00331nam a2200133Ia 4500
005 20260328101451.0
008 260328s9999||||xx |||||||||||||| ||und||
100 _aSchleifer, Simone
245 0 _aCasas Minimalistas /
_cSimone Schleifer
260 _bTaschen
300 _a380 p.
650 _aARQUITECTURA RESIDENCIAL
942 _cBK
999 _c8671
_d8671